00491nam a2200157 a 450000100100000000500170001000800410002702000150006804000250008308200150010810000290012324500370015226000370018930000330022650400740025900001973120200929170123.0100705s1978 xxua r 000 j eng d a0553114506 aDO-SdBNPbspacBNPHU axxxbM129g1 aMaccoby, Michael,d1933-14aThe gamesman /cMichael Maccoby. aNew York :bBantam Books,c1978. axii, 302 p. :bil. ;c18 cm. aIncluye referencias bibliográficas y notas al pie de las páginas.